| 000 | 00992nam a22003377a 4500 | ||
|---|---|---|---|
| 001 | BR9300183 | ||
| 003 | BR-BrBNA | ||
| 005 | 20230928093801.0 | ||
| 007 | ta | ||
| 008 | 230509b bl.||||| |||| 00| 0 por d | ||
| 040 |
_aBR-BrBNA _bpor _cBiblioteca Nacional de Agricultura |
||
| 041 | _a(Por) | ||
| 072 |
_aL01; Q02 _b9415 _b9414 |
||
| 090 | _ 9415 BR9300183 | ||
| 100 | 1 | _aOrtega, A.C. | |
| 100 | 1 | _aVasconcellos, L.A. | |
| 100 | 1 | _aGutierrez, R.H. | |
| 100 | 1 | _aCarvalho, S.M.T | |
| 110 | 1 | _aUniversidade Estadual de Campinas, SP (Brasil) | |
| 245 | 1 |
_aA industrializacao do leite: o Estado e o setor de bens de capital _bRelatorio final. Versao preliminar. Uso interno |
|
| 260 | 3 |
_aCampinas, SP (Brasil): _c1987. |
|
| 300 | _a121 p. | ||
| 650 | _aLeite | ||
| 650 | _aProducao Leiteira | ||
| 650 | _aLeite em Po | ||
| 650 | _aProduto Derivado do Leite | ||
| 650 | _aPreco | ||
| 650 | _aTecnologia de Alimento | ||
| 909 |
_a202309 _bLucia _c55 _dLucia Elande |
||
| 942 | _cBK | ||
| 999 |
_c47078 _d47078 |
||